Estudios de historia de Asturias / (Record n. 10873)
[ formato base ]
| 000 -LEADER | |
|---|---|
| fixed length control field | 00967nam a2200265 i 4500 |
| 003 - CONTROL NUMBER IDENTIFIER | |
| control field | IT-RoINE |
| 005 - DATE AND TIME OF LATEST TRANSACTION | |
| control field | 20160201082942.0 |
| 008 - FIXED-LENGTH DATA ELEMENTS--GENERAL INFORMATION | |
| fixed length control field | 910311s1989 sp r ||| ||spa d |
| 020 ## - INTERNATIONAL STANDARD BOOK NUMBER | |
| International Standard Book Number | 8472862763 |
| 040 ## - CATALOGING SOURCE | |
| Original cataloging agency | SpMaBN |
| Language of cataloging | spa |
| Transcribing agency | SpMaBN |
| Description conventions | rdc |
| 100 1# - MAIN ENTRY--PERSONAL NAME | |
| Personal name | Uría Ríu, Juan, |
| Dates associated with a name | 1891-1979 |
| 9 (RLIN) | 22501 |
| 245 10 - TITLE STATEMENT | |
| Title | Estudios de historia de Asturias / |
| Statement of responsibility, etc | Juan Uría Ríu ; prólogo de Juan Uría Maqua |
| 260 ## - PUBLICATION, DISTRIBUTION, ETC. (IMPRINT) | |
| Place of publication, distribution, etc | Gijón : |
| Name of publisher, distributor, etc | Silverio Cañada, |
| Date of publication, distribution, etc | 1989. |
| 300 ## - PHYSICAL DESCRIPTION | |
| Extent | 317 p. ; |
| Dimensions | 20 cm. |
| 336 ## - CONTENT TYPE | |
| Source | rdacontent |
| Content type term | text |
| 337 ## - MEDIA TYPE | |
| Source | rdamedia |
| Media type term | unmediated |
| 338 ## - CARRIER TYPE | |
| Source | rdacarrier |
| Carrier type term | volume |
| 490 1# - SERIES STATEMENT | |
| Series statement | Biblioteca histórica asturiana ; |
| Volume number/sequential designation | 8 |
| 500 ## - GENERAL NOTE | |
| General note | En la portada: VI Centenario, Principado de Asturias, 1388-1988. |
| 504 ## - BIBLIOGRAPHY, ETC. NOTE | |
| Bibliography, etc | Incluye referencias bibliográficas en nota. |
| 651 #4 - SUBJECT ADDED ENTRY--GEOGRAPHIC NAME | |
| 9 (RLIN) | 22490 |
| Geographic name | Asturias (España : Comunidad Autónoma) |
| General subdivision | Historia |
| 700 1# - ADDED ENTRY--PERSONAL NAME | |
| 9 (RLIN) | 7000 |
| Personal name | Uría Maqua, Juan, |
| Dates associated with a name | 1931-2011 |
| 830 #0 - SERIES ADDED ENTRY--UNIFORM TITLE | |
| 9 (RLIN) | 18476 |
| Uniform title | Biblioteca histórica asturiana ; |
| Volume number/sequential designation | 8 |
| 942 ## - ADDED ENTRY ELEMENTS (KOHA) | |
| Item type | Monografías |
| Withdrawn status | Lost status | Damaged status | Not for loan | Home library | Current library | Date acquired | Total Checkouts | Full call number | Barcode | Date last seen | Price effective from | Koha item type |
|---|---|---|---|---|---|---|---|---|---|---|---|---|
| Iglesia Nacional Española en Roma | Iglesia Nacional Española en Roma | 28/01/2016 | COL.A 30.8 | 18794 | 28/01/2016 | 28/01/2016 | Monografías |